000 00946nam a2200205 i 4500
001 33326
003 ES-MaACL
005 20230906154734.0
007 t|
008 030202m19431944cu ||||1| spa d
100 1 _aBest, Charles Herbert.
_928611
245 1 4 _aLas bases fisiológicas de la práctica médica /
_cpor Charles Herbert Best y Norman Burke Taylor ; traducción española de la tercera inglesa, por Tomás Durán Quevedo ; con notas del traductor intercaladas en el texto y con la adición de la sección correspondiente a las funciones de reproducción, escrita para esta obra por el propio traductor ; prólogo de Ramón Gran San Martín.
250 _a3ª ed.
260 _aLa Habana :
_bCultural,
_c1943-44.
300 _a2 v. :
_bil. ;
_c24 cm.
700 1 _aTaylor, Norman Herbert.
_9109465
700 1 _aDurán Quevedo, Tomás.
_946234
700 1 _aGran San Martín, Ramón.
_959552
852 _aES-MaACL
_j21-22
_bR.21358
999 _c33326
_d33326